000 00464nam a2200181Ia 4500
005 20250423095447.0
008 250422s9999 xx 000 0 und d
020 _a9781111569020
050 _aTJ 163.12 .J68/
100 _aJouaneh, M.
245 0 _aFundamentals of mechatronics
260 _aWadsworth
260 _bCengage Learning
260 _c2013
300 _a399 p
650 _a Mechatronics. Microcontrollers. Detectors. Actuators.
942 _cBK
999 _c30344
_d30344